[Event "EU-ch U16 18th"]
[Site "Herceg Novi"]
[Date "2008.09.15"]
[Round "1"]
[White "Potpara, Nikola"]
[Black "Khachykian, Shant"]
[Result "0-1"]
[WhiteElo "1833"]
[BlackElo "2173"]
[PlyCount "64"]
[EventDate "2008.09.15"]
[EventType "swiss"]
[EventRounds "9"]
[EventCountry "MNE"]
[SourceTitle "CBM 126 Extra"]
[Source "ChessBase"]
[SourceDate "2008.11.05"]
[SourceVersion "1"]
[SourceVersionDate "2008.11.05"]
[SourceQuality "1"]

1. d4 d5 2. c4 e6 3. Nc3 c6 4. Nf3 dxc4 5. e3 b5 6. a4 Bb4 7. Be2 Bb7 8. 0-0 a6 9. Qc2 Nd7 10. Ne5 Ngf6 11. f4 0-0 12. Bf3 Qb6 13. Ne4 c5 14. Nxd7 Nxd7 15. Ng5 Nf6 16. Bxb7 Qxb7 17. dxc5 Bxc5 18. b4 Bxb4 19. Rb1 a5 20. axb5 h6 21. Nf3 Qxb5 22. e4 Qc5+ 23. Kh1 c3 24. e5 Nd5 25. f5 exf5 26. Qxf5 Ne3 27. Bxe3 Qxe3 28. g4 g6 29. Qc2 Rad8 30. Rbe1 Qd3 31. Qc1 c2 32. Re3 Qd1 0-1

[Event "Moscow Dvorkovich Cup U16 3rd"]
[Site "Moscow"]
[Date "2008.07.??"]
[Round "8"]
[White "Kanarek, Marcel"]
[Black "Khachykian, Shant"]
[Result "1/2-1/2"]
[WhiteElo "2349"]
[BlackElo "2173"]
[PlyCount "147"]
[EventDate "2008.07.??"]
[EventType "team-tourn"]
[EventRounds "12"]
[EventCountry "RUS"]
[SourceTitle "CBM 125 Extra"]
[Source "ChessBase"]
[SourceDate "2008.09.01"]
[SourceVersion "1"]
[SourceVersionDate "2008.09.01"]
[SourceQuality "1"]

1. e4 c5 2. Nf3 Nc6 3. Nc3 e5 4. Bc4 Be7 5. d3 d6 6. Nd2 Nf6 7. Nf1 Bg4 8. f3 Be6 9. Ne3 0-0 10. Ncd5 Nd7 11. 0-0 Bg5 12. f4 exf4 13. Nxf4 Bxf4 14. Rxf4 Nde5 15. Bd5 Qd7 16. Bxc6 bxc6 17. Qh5 Ng6 18. Rf2 d5 19. Nf5 Rfe8 20. exd5 cxd5 21. Bd2 Rab8 22. b3 f6 23. Raf1 Ne5 24. Qh4 Rbd8 25. Qg3 Bxf5 26. Rxf5 Kh8 27. h3 Re6 28. Bc3 d4 29. Bd2 Qe7 30. Kh1 Ng6 31. h4 Re8 32. h5 Ne5 33. a3 a6 34. Qh4 Nf7 35. b4 Re2 36. R1f2 Rxf2 37. Qxf2 cxb4 38. axb4 h6 39. Qxd4 Qe2 40. Bc3 Qd1+ 41. Kh2 Ng5 42. Rxf6 Qxh5+ 43. Kg3 Rg8 44. Rxa6 Qe8 45. Rxh6+ Nh7 46. Qe4 Qxe4 47. dxe4 Rc8 48. Bd4 Rd8 49. Re6 Nf8 50. Bxg7+ Kxg7 51. Re5 Kf7 52. Rf5+ Ke7 53. Rf3 Rd4 54. c3 Rxe4 55. Kf2 Ne6 56. g3 Kd6 57. Rd3+ Kc6 58. Re3 Ng5 59. Ke2 Rc4 60. Kd3 Rg4 61. c4 Nf7 62. Re6+ Kd7 63. Re3 Nd6 64. c5 Nb5 65. Re4 Rxg3+ 66. Kc4 Nc7 67. b5 Rg1 68. b6 Rc1+ 69. Kb4 Na6+ 70. Kb5 Nxc5 71. Rd4+ Kc8 72. Rc4 Rxc4 73. Kxc4 Nd7 74. b7+ 1/2-1/2

[Event "Moscow Dvorkovich Cup U16 3rd"]
[Site "Moscow"]
[Date "2008.07.??"]
[Round "3"]
[White "Khachykian, Shant"]
[Black "Moussard, Jules"]
[Result "1/2-1/2"]
[WhiteElo "2173"]
[BlackElo "2255"]
[PlyCount "106"]
[EventDate "2008.07.??"]
[EventType "team-tourn"]
[EventRounds "12"]
[EventCountry "RUS"]
[SourceTitle "CBM 125 Extra"]
[Source "ChessBase"]
[SourceDate "2008.09.01"]
[SourceVersion "1"]
[SourceVersionDate "2008.09.01"]
[SourceQuality "1"]

1. d4 Nf6 2. g3 g6 3. Bg2 Bg7 4. c4 0-0 5. Nf3 d6 6. 0-0 Nbd7 7. Nc3 Re8 8. e4 e5 9. h3 exd4 10. Nxd4 Nc5 11. Re1 a5 12. Bf4 Nfd7 13. Be3 Ne5 14. b3 c6 15. Qc2 a4 16. Rad1 axb3 17. axb3 Qb6 18. f4 Ned7 19. Rb1 Qb4 20. Na2 Qa3 21. Nc3 Qb4 22. Bf2 Ne6 23. Nxe6 Rxe6 24. Na4 Re8 25. c5 dxc5 26. Nxc5 Nxc5 27. Qxc5 Qxc5 28. Bxc5 Rd8 29. Red1 Rxd1+ 30. Rxd1 Be6 31. b4 h5 32. e5 Ra3 33. Kh2 Ra2 34. Kg1 Bh6 35. Rd8+ Kh7 36. Be7 Rb2 37. h4 Rb1+ 38. Kh2 Rb2 39. Kg1 Bc4 40. Rb8 Ba6 41. Rd8 Bg7 42. Rd7 Kg8 43. Rd8+ Kh7 44. Rd7 Rb1+ 45. Kh2 Rb2 46. Kg1 Rb3 47. Kh2 Rd3 48. Rc7 Kg8 49. Rc8+ Kh7 50. Rc7 Rd2 51. Kg1 Rd1+ 52. Kh2 Rd2 53. Kg1 Bf8 1/2-1/2

[Event "BLR-ch U20"]
[Site "Minsk"]
[Date "2008.04.18"]
[Round "5"]
[White "Kovalev, Vladislav"]
[Black "Khachykian, Shant"]
[Result "1/2-1/2"]
[WhiteElo "2306"]
[BlackElo "2164"]
[PlyCount "54"]
[EventDate "2008.04.14"]
[EventType "tourn"]
[EventRounds "9"]
[EventCountry "BLR"]
[EventCategory "2"]
[SourceTitle "EXT 2010"]
[Source "ChessBase"]
[SourceDate "2010.11.25"]
[SourceVersion "1"]
[SourceVersionDate "2010.11.25"]
[SourceQuality "1"]

1. e4 c5 2. Nf3 d6 3. d4 cxd4 4. Nxd4 Nf6 5. Nc3 a6 6. Be3 e5 7. Nf3 Qc7 8. a4 Be7 9. a5 Nbd7 10. Bd3 0-0 11. 0-0 b5 12. axb6 Nxb6 13. Qe2 a5 14. Nd2 Be6 15. Nb5 Qc6 16. c4 Ng4 17. Bxb6 Qxb6 18. Ra4 Bd7 19. h3 Nf6 20. Rfa1 d5 21. exd5 Bb4 22. Ne4 Bxb5 23. Nxf6+ Qxf6 24. cxb5 Rac8 25. Rd1 g6 26. Qe3 Qd6 27. Raa1 Rc5 1/2-1/2

[Event "BLR-ch U20"]
[Site "Minsk"]
[Date "2008.04.17"]
[Round "4"]
[White "Khachykian, Shant"]
[Black "Podolchenko, Evgeniy"]
[Result "1/2-1/2"]
[WhiteElo "2164"]
[BlackElo "2482"]
[PlyCount "118"]
[EventDate "2008.04.14"]
[EventType "tourn"]
[EventRounds "9"]
[EventCountry "BLR"]
[EventCategory "2"]
[SourceTitle "EXT 2010"]
[Source "ChessBase"]
[SourceDate "2010.11.25"]
[SourceVersion "1"]
[SourceVersionDate "2010.11.25"]
[SourceQuality "1"]

1. c4 Nf6 2. g3 c5 3. Bg2 e6 4. Nf3 a6 5. Nc3 Qc7 6. 0-0 b6 7. d4 cxd4 8. Qxd4 d6 9. Bg5 Nbd7 10. Rfd1 Bb7 11. Rac1 Be7 12. Qd2 0-0 13. Bf4 Ne5 14. Nxe5 Bxg2 15. Nxf7 Rxf7 16. Kxg2 Qxc4 17. f3 d5 18. b3 Qb4 19. Be5 Nd7 20. Bd4 b5 21. e4 e5 22. Bxe5 Nxe5 23. Qxd5 Raf8 24. Qxe5 Bf6 25. Nd5 Bxe5 26. Nxb4 Rxf3 27. Rf1 Re3 28. Nc6 Re2+ 29. Kh3 Bd6 30. e5 Ba3 31. Rxf8+ Kxf8 32. Rf1+ Ke8 33. Rd1 Kf7 34. e6+ Kf6 35. Rf1+ Kg6 36. Nd4 Re4 37. Rf4 Rxf4 38. gxf4 Kf6 39. Kg4 Bc5 40. Nf3 g6 41. Ng5 h5+ 42. Kf3 Kf5 43. Ne4 Be7 44. Ng5 Bd6 45. h3 Be7 46. h4 Bd6 47. Ne4 Bf8 48. Ng5 Be7 49. a4 bxa4 50. bxa4 a5 51. Nf7 Bb4 52. Ne5 Be7 53. Nc6 Kxe6 54. Nxa5 Bxh4 55. Ke4 Be1 56. Nc4 h4 57. a5 h3 58. Kf3 h2 59. Kg2 Bxa5 1/2-1/2

[Event "EU-ch U14"]
[Site "Herceg Novi"]
[Date "2006.09.16"]
[Round "6"]
[White "Khachykian, Shant"]
[Black "Papp, Abel"]
[Result "1-0"]
[WhiteElo "2076"]
[BlackElo "2165"]
[PlyCount "93"]
[EventDate "2006.09.10"]
[EventType "swiss"]
[EventRounds "9"]
[EventCountry "MNE"]
[SourceTitle "CBM 114 Extra"]
[Source "ChessBase"]
[SourceDate "2006.11.03"]
[SourceVersion "1"]
[SourceVersionDate "2006.11.03"]
[SourceQuality "1"]

1. c4 c6 2. Nf3 d5 3. b3 Nf6 4. Bb2 Bf5 5. g3 e6 6. Bg2 Nbd7 7. d3 Be7 8. Nbd2 h6 9. 0-0 0-0 10. Re1 Bh7 11. Rc1 Re8 12. Qc2 Bf8 13. e4 dxe4 14. Nxe4 Nxe4 15. dxe4 Qc7 16. Bc3 e5 17. b4 b6 18. Nh4 a5 19. a3 Be7 20. Nf5 Bg5 21. Rcd1 Bxf5 22. exf5 Rad8 23. bxa5 bxa5 24. Qa4 Nb6 25. Bxa5 Nxa4 26. Bxc7 Rxd1 27. Rxd1 Nb2 28. Bxc6 Re7 29. Rd8+ Kh7 30. Rd7 Rxd7 31. Bxd7 Nxc4 32. a4 e4 33. Bb5 Na3 34. Bd6 Nxb5 35. axb5 Bd8 36. Bc5 Bc7 37. b6 Bb8 38. Kf1 g6 39. f6 g5 40. Ke2 Kg6 41. Bd4 Kf5 42. Ke3 h5 43. h3 Bd6 44. b7 Bb8 45. g4+ hxg4 46. hxg4+ Ke6 47. Kxe4 1-0

[Event "EU-ch U14"]
[Site "Herceg Novi"]
[Date "2006.09.14"]
[Round "5"]
[White "Popilski, Gil"]
[Black "Khachykian, Shant"]
[Result "1/2-1/2"]
[WhiteElo "2187"]
[BlackElo "2076"]
[PlyCount "71"]
[EventDate "2006.09.10"]
[EventType "swiss"]
[EventRounds "9"]
[EventCountry "MNE"]
[SourceTitle "CBM 114 Extra"]
[Source "ChessBase"]
[SourceDate "2006.11.03"]
[SourceVersion "1"]
[SourceVersionDate "2006.11.03"]
[SourceQuality "1"]

1. d4 d5 2. c4 e6 3. g3 c6 4. Bg2 f5 5. Nf3 Nf6 6. 0-0 Bd6 7. b3 Qe7 8. Bb2 0-0 9. Nbd2 Nbd7 10. Ne5 Bxe5 11. dxe5 Ne4 12. e3 b6 13. f3 Nxd2 14. Qxd2 Ba6 15. Rfd1 Rfd8 16. Qc3 Rac8 17. Bf1 Bb7 18. Rd2 h5 19. Rad1 h4 20. e4 fxe4 21. fxe4 Nc5 22. exd5 cxd5 23. Bg2 h3 24. Bf3 dxc4 25. Rd6 cxb3 26. axb3 Ne4 27. Bxe4 Bxe4 28. Qd4 Bd5 29. Ba3 Qb7 30. Qh4 Rxd6 31. exd6 Rc2 32. Qd8+ Kh7 33. Qh4+ Kg8 34. Qd8+ Kh7 35. Qh4+ Kg8 36. Qd8+ 1/2-1/2

[Event "EU-ch U14"]
[Site "Herceg Novi"]
[Date "2006.09.11"]
[Round "2"]
[White "Khachykian, Shant"]
[Black "Yaksin, Oleg"]
[Result "1-0"]
[WhiteElo "2076"]
[BlackElo "2232"]
[PlyCount "53"]
[EventDate "2006.09.10"]
[EventType "swiss"]
[EventRounds "9"]
[EventCountry "MNE"]
[SourceTitle "CBM 114 Extra"]
[Source "ChessBase"]
[SourceDate "2006.11.03"]
[SourceVersion "1"]
[SourceVersionDate "2006.11.03"]
[SourceQuality "1"]

1. c4 Nf6 2. g3 e6 3. Nf3 b6 4. Bg2 Bb7 5. 0-0 Be7 6. d4 0-0 7. Nc3 d6 8. Qd3 Nbd7 9. e4 e5 10. d5 Nc5 11. Qc2 a5 12. Ne1 Nfd7 13. b3 Bc8 14. f4 exf4 15. gxf4 Bf6 16. Bb2 Re8 17. Nf3 Nxe4 18. Nxe4 Bxb2 19. Neg5 Bxa1 20. Qxh7+ Kf8 21. Qh8+ Ke7 22. Re1+ Ne5 23. Qxg7 Rf8 24. fxe5 dxe5 25. Nd4 Bxd4+ 26. Kh1 Kd6 27. Ne4+ 1-0